| 000 | 01904nam a22001697a 4500 | ||
|---|---|---|---|
| 003 | NUST | ||
| 082 | _a005.1,SID | ||
| 100 |
_aSiddiqui, Ahmed Bilal _9125933 |
||
| 245 |
_aWrite Right / _cNC Ahmed Bilal Siddiqui, NC Maryam Kamal, NC Muhammad Nabeel, NC Mishal Zahra. |
||
| 260 |
_aMCS, NUST _bRawalpindi _c2024 |
||
| 300 | _a97 p | ||
| 505 | _aHandwriting is an important skill that can affect one’s academic and professional performance, as well as self-esteem and confidence. However, many people struggle with poor handwriting due to various reasons, such as lack of practice, improper guidance, or physical or mental challenges. Improving one’s handwriting can be a tedious task, especially for children and young adults who are used to digital devices and online communication. The need for an app that improves handwriting skills has never been more apparent, especially in educational contexts where handwritten assignments, exams, and note-taking continue to be vital. WriteRight arises from the recognition that technology can be harnessed to make the process of improving one's handwriting engaging and accessible to users. We have developed a gamified version of a handwriting improvement app that makes learning and practicing handwriting fun and rewarding. The app uses the latest technologies, such as Flutter, Firebase, and Django, to create an interactive and user-friendly interface, a secure and scalable database, and a smart and accurate AI engine. The app allows users to register and log in, see a map of different levels, see their profile and progress history, and rate words on each level. The app aims to help users achieve better handwriting quality, and consistency and boost their self-confidence and satisfaction. | ||
| 650 |
_aUG BESE _9114271 |
||
| 651 |
_aBESE-26 _9125902 |
||
| 700 |
_aSupervisor Dr. Nauman Ali Khan _9112575 |
||
| 942 |
_2ddc _cPR |
||
| 999 |
_c611599 _d611599 |
||